LEADER 00628nam0 2200229 450 001 000001277 005 20050630115300.0 100 $a--------d1966----km-y0itay50------ba 101 $aita 102 $aIT 200 1 $a<>fallimento$fFrancesco Ferrara 205 $a2. ed. riveduta e aumentata 210 $aMilano$cGiuffrè$d1966 215 $aXXVIII, 640 p.$d25 cm 610 1 $aFallimento 676 $a346.078 700 1$aFerrara,$bFrancesco$0115395 801 0$aIT $bUNIPARTHENOPE $gRICA $2UNIMARC 912 $a000001277 951 $cNAVA1$a346-F/1$b17986$d20000419 996 $aFallimento$9576417 997 $aUNIPARTHENOPE LEADER 01226nam0-22004091i-450- 001 990001314630403321 005 20091120112030.0 010 $a0-387-53337-0 035 $a000131463 035 $aFED01000131463 035 $a(Aleph)000131463FED01 035 $a000131463 100 $a20001205d1992----km-y0itay50------ba 101 0 $aeng 102 $aDE 105 $aa---a---001yy 200 1 $aMathematical structures in population genetic$fYuri I. Lyubich$gtranslated by D. Vulis and A. Karpov, edited by Ethan Akin 210 $aBerlin [etc.]$cSpringer-Verlag$d1992 215 $aix, 373 p.$cill.$d24 cm 225 1 $aBiomathematics$v22 610 0 $aDinamica delle popolazioni$aModelli matematici 610 0 $aGenetica$aModelli matematici 610 0 $aGenetica di popolazioni 676 $a576.58 700 1$aLyubich,$bYuri I.$0347818 702 1$aAkin,$bEthan 702 1$aKarpov,$bA. 702 1$aVulis,$bD. 801 0$aIT$bUNINA$gRICA$2UNIMARC 901 $aBK 912 $a990001314630403321 952 $aC-42-(22$b9420$fMA1 952 $a576.58-LYU-1$b1379$fSC1 959 $aMA1 959 $aSC1 996 $aMathematical structures in population genetic$9382781 997 $aUNINA